000 00458nam a2200193Ia 4500
005 20240823005509.0
008 240823s9999||||xx |||||||||||||| ||und||
041 _aENGLISH
082 _A004 .56 N0
100 _aPeter Norton
245 4 _aThe Hard Disk Companion
250 _a1st
260 _c1990
_b"PHI,New Delhi"
500 _aYES
650 _aHardware
_bInformation Technology
700 _a Robert Jourdain
942 _cBK
999 _c155893
_d155893